书目信息 |
| 题名: |
高速光纤传输系统
|
|
| 作者: | 苏翼凯 , 冷鹿峰 著 | |
| 分册: | ||
| 出版信息: | 上海 上海交通大学出版社 2009.02 |
|
| 页数: | 238页 | |
| 开本: | 24cm | |
| 丛书名: | ||
| 单 册: | ||
| 中图分类: | TN929.11 | |
| 科图分类: | ||
| 主题词: | 光纤通信--guang xian tong xin--通信传输系统 | |
| 电子资源: | ||
| ISBN: | 978-7-313-05486-9 | |
| 000 | 00961nam0 2200265 450 | |
| 001 | 012010613375 | |
| 005 | 20100407095423.68 | |
| 010 | @a978-7-313-05486-9@dCNY35.00 | |
| 100 | @a20100407d2009 em y0chiy0120 ea | |
| 101 | 0 | @achi |
| 102 | @aCN@b310000 | |
| 105 | @aa a 000yy | |
| 106 | @ar | |
| 200 | 1 | @a高速光纤传输系统@Agao su guang xian chuan shu xi tong@f苏翼凯, 冷鹿峰著@Fsu yi kai,leng lu feng zhu |
| 210 | @a上海@c上海交通大学出版社@d2009.02 | |
| 215 | @a238页@c图@d24cm | |
| 300 | @a上海科技专著出版资金资助 上海交通大学学术出版版基金资助 | |
| 320 | @a有书目 | |
| 330 | @a本书内容包括:光纤传输系统的器件;波分复用技术和相应的系统;传输系统的损伤因素;高速光传系统的关键技术;各种传输系统的设计和分析。 | |
| 606 | 0 | @a光纤通信@Aguang xian tong xin@x通信传输系统 |
| 690 | @aTN929.11@v4 | |
| 701 | 0 | @a苏翼凯@Asu yi kai@4著 |
| 701 | 0 | @a冷鹿峰@Aleng lu feng@4著 |
| 801 | 0 | @aCN@bQSSK@c20100407 |
| 905 | @b774713-15@dTN929.11@eS860@f3 | |
| 高速光纤传输系统/苏翼凯, 冷鹿峰著.-上海:上海交通大学出版社,2009.02 |
| 238页:图;24cm |
| 上海科技专著出版资金资助 上海交通大学学术出版版基金资助 |
| ISBN 978-7-313-05486-9:CNY35.00 |
| 本书内容包括:光纤传输系统的器件;波分复用技术和相应的系统;传输系统的损伤因素;高速光传系统的关键技术;各种传输系统的设计和分析。 |
| ● |
| 相关链接 |
|
|
|
正题名:高速光纤传输系统
索取号:TN929.11/S860
 
预约/预借
| 序号 | 登录号 | 条形码 | 馆藏地/架位号 | 状态 | 备注 |
| 1 | 774713 | 207747134 | 自科库301/301自科库 999排9列2层/ [索取号:TN929.11/S860] | 在馆 | |
| 2 | 774714 | 207747143 | 自科二线404/301自科库 30排4列3层/ [索取号:TN929.11/S860] | 在馆 | |
| 3 | 774715 | 207747152 | 自科库301/301自科库 999排9列2层/ [索取号:TN929.11/S860] | 在馆 |